000 00442nam a2200157Ia 4500
008 240729s9999 xx 000 0 und d
022 _a2797-8923
245 0 _aJournal of Educational Management and Instruction
260 _aIndonesia
260 _bIAIN Surakarta
650 _a Special aspects of education
650 _aEducation
856 _uhttps://doaj.org/toc/26dd6cfc1e714d4c92ca883222e8632f
942 _2ddc
942 _cDOAJEJ
999 _c67258
_d67258
945 _a1
_bMadushi Gamage
_c1
_dMadushi Gamage